000 00815aam a2200265 i 4500
001 435
003 CO-MdBIC
005 20210828093351.0
008 210828t1989 ck abc|| |||| 00| 0 eng d
020 _a958-614-255-8
040 _bspa.
_aCO-MdFUSBC
_cCO-MdFUSB
_dCO-MdFUSBC
_erda
041 _aspa
082 0 4 _aR 986.1 T596q
245 1 0 _aHistoria Política 1946-1986 / Gloria Zea, Dirección del proyecto, Alvaro Tirado Mejía, Director científico.
_c/
260 _aBogotá, Colombia : Planeta
264 1 _aBogotá, Colombia :
_bPlaneta,
_c[1989]
264 4 _c© 1989
300 _a407 Pag.
_c;
336 _2rdacontent
_atexto
_btxt
337 2 _2rdamedia
_asin mediación
_bn
338 _2rdacarrier
_avolumen
_bnc
653 _aColombia
_ahistoria de politica
942 _cBK
945 _aEstudiante
999 _c31963
_d31963